<?xml version="1.0" encoding="UTF-8"?>
<collection xmlns="http://www.loc.gov/MARC21/slim">
 <record>
  <leader>01095nam a22002171  4500</leader>
  <controlfield tag="001">1/49570</controlfield>
  <controlfield tag="008">930512s1972    gr            000 0 gre d</controlfield>
  <datafield tag="035" ind1=" " ind2=" ">
   <subfield code="l">1598</subfield>
  </datafield>
  <datafield tag="040" ind1=" " ind2=" ">
   <subfield code="a">GR-PeUP</subfield>
  </datafield>
  <datafield tag="090" ind1=" " ind2=" ">
   <subfield code="a">320 CE ΜΤΦ</subfield>
  </datafield>
  <datafield tag="100" ind1="1" ind2=" ">
   <subfield code="a">Cerroni, Umberto.</subfield>
  </datafield>
  <datafield tag="245" ind1="1" ind2="2">
   <subfield code="a">Η πολιτική σκέψη :</subfield>
   <subfield code="b">από τις απαρχές ως τις μέρες μας /</subfield>
   <subfield code="c">Umberto Cerroni; μτφ. Μπάμπη Λυκούδη.</subfield>
  </datafield>
  <datafield tag="260" ind1=" " ind2=" ">
   <subfield code="a">Αθήνα :</subfield>
   <subfield code="b">Παπαζήσης,</subfield>
   <subfield code="c">1972.</subfield>
  </datafield>
  <datafield tag="300" ind1=" " ind2=" ">
   <subfield code="a">2 τ. ;</subfield>
   <subfield code="c">21 εκ.</subfield>
  </datafield>
  <datafield tag="490" ind1="1" ind2=" ">
   <subfield code="a">Βιβλιοθήκη Πολιτικών Επιστημών ;</subfield>
  </datafield>
  <datafield tag="505" ind1="0" ind2=" ">
   <subfield code="a">T.1. Ελληνες και Ρωμαίοι -- T.2. Χριστιανοί και νεότεροι</subfield>
  </datafield>
  <datafield tag="650" ind1=" " ind2="4">
   <subfield code="a">Πολιτική επιστήμη.</subfield>
  </datafield>
  <datafield tag="700" ind1="1" ind2=" ">
   <subfield code="a">Λυκούδης, Μπάμπης,</subfield>
   <subfield code="e">μετ.</subfield>
  </datafield>
  <datafield tag="830" ind1=" " ind2=" ">
   <subfield code="a">Βιβλιοθήκη Πολιτικών Επιστημών.</subfield>
  </datafield>
  <datafield tag="852" ind1=" " ind2=" ">
   <subfield code="a">INST</subfield>
   <subfield code="b">UNIPILB</subfield>
   <subfield code="c">MAIN</subfield>
   <subfield code="e">20040709</subfield>
   <subfield code="h">320 CE ΜΤΦ</subfield>
   <subfield code="p">00105710</subfield>
   <subfield code="q">00105710</subfield>
   <subfield code="t">LOAN</subfield>
   <subfield code="v">τ.1:</subfield>
   <subfield code="y">0</subfield>
   <subfield code="z">τ.1</subfield>
   <subfield code="4">1</subfield>
  </datafield>
  <datafield tag="852" ind1=" " ind2=" ">
   <subfield code="a">INST</subfield>
   <subfield code="b">UNIPILB</subfield>
   <subfield code="c">MAIN</subfield>
   <subfield code="e">20040709</subfield>
   <subfield code="h">320 CE ΜΤΦ</subfield>
   <subfield code="p">00105711</subfield>
   <subfield code="q">00105711</subfield>
   <subfield code="t">LOAN</subfield>
   <subfield code="v">τ.2:</subfield>
   <subfield code="y">0</subfield>
   <subfield code="z">τ.2</subfield>
   <subfield code="4">1</subfield>
  </datafield>
 </record>
</collection>
